000 00791cam a22002773a 4500
001 796
003 PGUSA
005 20140828082953.0
008 970101s1997||||xxu|||||s|||||000 1 eng d
040 _aPGUSA
_beng
042 _adc
050 4 _aPQ
100 1 _aStendhal,
_d1783-1842
245 1 0 _aLa Chartreuse De Parme
_h[electronic resource] /
_cStendhal
260 _bProject Gutenberg,
_c1997
506 _aPublic domain in the USA.
516 _aElectronic text
653 _aItaly -- Social life and customs -- 19th century -- Fiction
653 _aLove stories
653 _aParma (Italy) -- Fiction
653 _aYoung men -- Fiction
653 _aPolitical fiction
830 0 _aProject Gutenberg
_v796
856 4 0 _uhttp://www.gutenberg.org/ebooks/796
942 _cEB
999 _c230147
_d230147